UBT Library

The Shape of this century : (Record no. 39914)

000 -LEADER
fixed length control field 00691cam a2200241 a 4500
001 - CONTROL NUMBER
control field 2929172
005 - DATE AND TIME OF LATEST TRANSACTION
control field 20180109073554.0
008 - FIXED-LENGTH DATA ELEMENTS--GENERAL INFORMATION
fixed length control field 921215s1990 cau b 001 0 eng d
010 ## - LIBRARY OF CONGRESS CONTROL NUMBER
LC control number 89081177
020 ## - INTERNATIONAL STANDARD BOOK NUMBER
International Standard Book Number 0155808400
035 ## - SYSTEM CONTROL NUMBER
System control number (OCoLC)21413482
040 ## - CATALOGING SOURCE
Original cataloging agency MBE
Transcribing agency MBE
Modifying agency OrLgE
-- DLC
041 ## - LANGUAGE CODE
Language code of text/sound track or separate title eng
042 ## - AUTHENTICATION CODE
Authentication code lccopycat
080 ## - UNIVERSAL DECIMAL CLASSIFICATION NUMBER
Universal Decimal Classification number 821
082 ## - DEWEY DECIMAL CLASSIFICATION NUMBER
Edition number 821 RIG
100 ## - Rafti
Rafti 21
101 ## - Shkurtesa
Shkurtesa GJL
245 04 - TITLE STATEMENT
Title The Shape of this century :
Statement of responsibility, etc Diana Wyllie Rigden, Susan S. Waugh.
906 ## - LOCAL DATA ELEMENT F, LDF (RLIN)
a 7
b cbc
c copycat
d 4
e opcn
f 19
g y-gencatlg
942 ## - ADDED ENTRY ELEMENTS (KOHA)
Source of classification or shelving scheme
Item type Books
Holdings
Withdrawn status Lost status Source of classification or shelving scheme Damaged status Not for loan Collection code Permanent location Current location Shelving location Date acquired Total Checkouts Full call number Barcode Date last seen Price effective from Koha item type
          Koleksioni i përgjithshem UBT - Lipjan UBT - Lipjan Koleksioni i përgjithshem 01/09/2018   821 RIG 002-2995226 01/09/2018 01/09/2018 Books
UBT Library © 2015-2024. All rights reserved University Education for Business and Technology